00353nam a2200109Ia 4500008004100000082001500041100002300056245004500079260003900124630001800163650006200181211109s9999||||xx |||||||||||||| ||und|| a541bPER-P aPerkin, Mollaue,,  0aPractical Methods of Inorganic Chemistry bNATIONAL BOOKSTALLaKottayamc1900 xGeneral Stack anatural SciencesvChemistryInorganic ChemistryxChemistry